[Event "Kings Place Rapidplay"]
[Site "London"]
[Date "2017.07.08"]
[Round "6.2"]
[White "Rendle, Thomas E"]
[Black "Bates, Richard A"]
[Result "0-1"]
[BlackElo "2410"]
[WhiteElo "2414"]
[LiveChessVersion "1.4.6"]
[EventDate "2017.07.08"]
[EventType "swiss"]
[EventRounds "6"]
[EventCountry "ENG"]

1. e4 {[%clk 0:25:08]} c5 {[%clk 0:24:57]} 2. Nf3 {[%clk 0:25:07]} d6
{[%clk 0:24:41]} 3. c3 {[%clk 0:25:11]} Nf6 {[%clk 0:24:44]} 4. Be2
{[%clk 0:25:15]} Bd7 {[%clk 0:24:46]} 5. Qc2 {[%clk 0:25:18]} Nc6
{[%clk 0:24:07]} 6. d4 {[%clk 0:24:40]} cxd4 {[%clk 0:23:12]} 7. cxd4
{[%clk 0:24:23]} Rc8 {[%clk 0:21:42]} 8. Nc3 {[%clk 0:24:11]} e5 {[%clk 0:21:46]}
9. dxe5 {[%clk 0:23:05]} dxe5 {[%clk 0:21:49]} 10. O-O {[%clk 0:22:14]} Be7
{[%clk 0:18:30]} 11. Rd1 {[%clk 0:21:06]} O-O {[%clk 0:18:26]} 12. Bg5
{[%clk 0:20:51]} h6 {[%clk 0:17:29]} 13. Bh4 {[%clk 0:20:13]} Nh5
{[%clk 0:14:30]} 14. Nxe5 {[%clk 0:18:14]} Nxe5 {[%clk 0:13:01]} 15. Bxe7
{[%clk 0:18:18]} Qxe7 {[%clk 0:13:04]} 16. Bxh5 {[%clk 0:18:21]} Qg5
{[%clk 0:13:08]} 17. Be2 {[%clk 0:17:15]} Bh3 {[%clk 0:12:45]} 18. Bf1
{[%clk 0:15:25]} Nf3+ {[%clk 0:03:16]} 19. Kh1 {[%clk 0:15:28]} Qh5
{[%clk 0:03:12]} 20. Be2 {[%clk 0:10:27]} Bxg2+ {[%clk 0:03:08]} 21. Kxg2
{[%clk 0:10:30]} Qxh2+ {[%clk 0:03:00]} 22. Kxf3 {[%clk 0:10:33]} Qh3+
{[%clk 0:02:56]} 23. Kf4 {[%clk 0:10:36]} g5+ {[%clk 0:02:12]} 24. Ke5
{[%clk 0:10:40]} f6+ {[%clk 0:01:44]} 25. Kd4 {[%clk 0:10:12]} Rfd8+
{[%clk 0:01:48]} 26. Nd5 {[%clk 0:10:15]} Rxc2 {[%clk 0:01:50]} 27. Bc4
{[%clk 0:09:44]} b5 {[%clk 0:01:11]} 28. Bb3 {[%clk 0:09:45]} Rxf2
{[%clk 0:01:06]} 29. Kc5 {[%clk 0:09:14]} Kg7 {[%clk 0:01:06]} 30. Ne7
{[%clk 0:09:15]} Qe3+ {[%clk 0:01:05]} 31. Kxb5 {[%clk 0:09:16]} Rb8+
{[%clk 0:00:56]} 32. Kc6 {[%clk 0:09:01]} Qxe4+ {[%clk 0:00:52]} 33. Nd5
{[%clk 0:08:55]} Qe6+ {[%clk 0:00:40]} 34. Kc5 {[%clk 0:08:42]} Rc8+
{[%clk 0:00:42]} 35. Kb4 {[%clk 0:08:33]} Qd6+ {[%clk 0:00:44]} 36. Ka4
{[%clk 0:08:30]} a5 {[%clk 0:00:38]} 37. Rac1 {[%clk 0:08:24]} Rf4+
{[%clk 0:00:37]} 38. Kxa5 {[%clk 0:08:10]} Rc5+ {[%clk 0:00:37]} 39. Rxc5
{[%clk 0:08:11]} Qxc5+ {[%clk 0:00:40]} 40. Ka6 {[%clk 0:08:15]} Rd4
{[%clk 0:00:32]} 41. Nc3 {[%clk 0:07:32]} Rd6+ {[%clk 0:00:28]} 42. Rxd6
{[%clk 0:07:35]} Qxd6+ {[%clk 0:00:32]} 43. Kb5 {[%clk 0:07:39]} Qe5+
{[%clk 0:00:35]} 44. Kc6 {[%clk 0:07:37]} g4 {[%clk 0:00:37]} 45. a4
{[%clk 0:07:36]} g3 {[%clk 0:00:40]} 46. Bd5 {[%clk 0:07:27]} Qe8+
{[%clk 0:00:41]} 47. Kc5 {[%clk 0:07:24]} Qe7+ {[%clk 0:00:45]} 48. Kc4
{[%clk 0:07:28]} Qc7+ {[%clk 0:00:46]} 49. Kd3 {[%clk 0:07:32]} h5
{[%clk 0:00:49]} 50. Ne2 {[%clk 0:07:04]} h4 {[%clk 0:00:47]} 51. Nd4
{[%clk 0:07:08]} Qe5 {[%clk 0:00:44]} 52. Bg2 {[%clk 0:07:02]} f5
{[%clk 0:00:37]} 53. b4 {[%clk 0:06:58]} f4 {[%clk 0:00:39]} 54. a5
{[%clk 0:07:03]} Qe3+ {[%clk 0:00:40]} 55. Kc4 {[%clk 0:07:07]} Qf2
{[%clk 0:00:41]} 56. Nf5+ {[%clk 0:07:01]} Kf6 {[%clk 0:00:23]} 57. Nxh4
{[%clk 0:07:03]} Qc2+ {[%clk 0:00:14]} 58. Kb5 {[%clk 0:07:06]} Qe2+
{[%clk 0:00:17]} 59. Kb6 {[%clk 0:07:02]} Qe3+ {[%clk 0:00:12]} 60. Ka6
{[%clk 0:06:47]} f3 {[%clk 0:00:11]} 61. Bxf3 {[%clk 0:06:36]} Qf4
{[%clk 0:00:15]} 62. b5 {[%clk 0:06:35]} Qxh4 {[%clk 0:00:17]} 63. b6
{[%clk 0:06:37]} Qc4+ {[%clk 0:00:17]} 64. Ka7 {[%clk 0:06:40]} Qc3
{[%clk 0:00:11]} 65. a6 {[%clk 0:06:18]} Qxf3 {[%clk 0:00:13]} 66. b7
{[%clk 0:06:23]} Qe3+ {[%clk 0:00:16]} 67. Ka8 {[%clk 0:06:27]} Qe4
{[%clk 0:00:16]} 68. Ka7 {[%clk 0:06:29]} Qd4+ {[%clk 0:00:18]} 69. Ka8
{[%clk 0:06:34]} Qd5 {[%clk 0:00:22]} 70. Ka7 {[%clk 0:06:38]} Qc5+
{[%clk 0:00:23]} 71. Ka8 {[%clk 0:06:30]} Qc6 {[%clk 0:00:26]} 72. Ka7
{[%clk 0:06:35]} g2 {[%clk 0:00:28]} 73. b8=N {[%clk 0:06:30]} g1=Q#
{[%clk 0:00:24]} 0-1

[Event "Kings Place Rapidplay"]
[Site "London"]
[Date "2017.07.08"]
[Round "6.3"]
[White "Ghasi, Ameet K"]
[Black "Fodor, Tamas Jr."]
[Result "1-0"]
[BlackElo "2477"]
[WhiteElo "2552"]
[LiveChessVersion "1.4.6"]
[EventDate "2017.07.08"]
[EventType "swiss"]
[EventRounds "6"]
[EventCountry "ENG"]

1. Nf3 {[%clk 0:24:22]} d5 {[%clk 0:24:53]} 2. g3 {[%clk 0:24:24]} c5
{[%clk 0:24:15]} 3. Bg2 {[%clk 0:24:26]} Nc6 {[%clk 0:24:11]} 4. O-O
{[%clk 0:24:28]} Nf6 {[%clk 0:24:10]} 5. d3 {[%clk 0:23:55]} g6 {[%clk 0:23:44]}
6. Nbd2 {[%clk 0:23:09]} Bg7 {[%clk 0:23:47]} 7. e4 {[%clk 0:23:12]} O-O
{[%clk 0:23:38]} 8. Re1 {[%clk 0:23:06]} h6 {[%clk 0:21:45]} 9. c3
{[%clk 0:22:58]} d4 {[%clk 0:20:44]} 10. cxd4 {[%clk 0:21:29]} cxd4
{[%clk 0:20:45]} 11. Qb3 {[%clk 0:20:02]} Nd7 {[%clk 0:19:28]} 12. Nc4
{[%clk 0:20:00]} a5 {[%clk 0:19:04]} 13. Bd2 {[%clk 0:17:28]} Nc5
{[%clk 0:17:22]} 14. Qa3 {[%clk 0:16:44]} Ne6 {[%clk 0:17:08]} 15. b4
{[%clk 0:16:22]} b6 {[%clk 0:15:19]} 16. Rab1 {[%clk 0:15:07]} a4
{[%clk 0:12:18]} 17. b5 {[%clk 0:13:15]} Na7 {[%clk 0:09:48]} 18. Nfe5
{[%clk 0:12:57]} Nc7 {[%clk 0:08:42]} 19. Nc6 {[%clk 0:09:36]} Ncxb5
{[%clk 0:08:39]} 20. Qxa4 {[%clk 0:06:40]} Qe8 {[%clk 0:06:41]} 21. Nxa7
{[%clk 0:04:34]} Nxa7 {[%clk 0:06:44]} 22. Qa3 {[%clk 0:03:09]} Be6
{[%clk 0:03:53]} 23. Nxb6 {[%clk 0:03:12]} Nc6 {[%clk 0:03:57]} 24. Nxa8
{[%clk 0:02:44]} Qxa8 {[%clk 0:04:01]} 25. Qxa8 {[%clk 0:01:45]} Rxa8
{[%clk 0:04:05]} 26. a4 {[%clk 0:01:46]} Rxa4 {[%clk 0:03:01]} 27. Ra1
{[%clk 0:01:49]} Rxa1 {[%clk 0:02:33]} 28. Rxa1 {[%clk 0:01:52]} Ne5
{[%clk 0:02:07]} 29. Ra3 {[%clk 0:01:56]} Bd7 {[%clk 0:01:01]} 30. f4
{[%clk 0:01:14]} Ng4 {[%clk 0:00:35]} 31. Bf3 {[%clk 0:01:09]} Ne3
{[%clk 0:00:31]} 32. Bxe3 {[%clk 0:00:51]} dxe3 {[%clk 0:00:35]} 33. e5
{[%clk 0:00:54]} f6 {[%clk 0:00:25]} 34. d4 {[%clk 0:00:58]} 1-0

[Event "Kings Place Rapidplay"]
[Site "London"]
[Date "2017.07.08"]
[Round "6.4"]
[White "Richardson, John R"]
[Black "Williams, Simon K"]
[Result "1/2-1/2"]
[BlackElo "2511"]
[WhiteElo "2175"]
[LiveChessVersion "1.4.6"]
[EventDate "2017.07.08"]
[EventType "swiss"]
[EventRounds "6"]
[EventCountry "ENG"]

1. d4 {[%clk 0:25:09]} e6 {[%clk 0:25:03]} 2. c4 {[%clk 0:25:12]} f5
{[%clk 0:25:06]} 3. Nf3 {[%clk 0:25:12]} Nf6 {[%clk 0:25:09]} 4. g3
{[%clk 0:25:16]} g6 {[%clk 0:25:11]} 5. Bg2 {[%clk 0:25:19]} Bg7 {[%clk 0:25:15]}
6. O-O {[%clk 0:25:22]} O-O {[%clk 0:25:18]} 7. b3 {[%clk 0:25:18]} Ne4
{[%clk 0:25:11]} 8. Bb2 {[%clk 0:25:20]} Nc6 {[%clk 0:24:59]} 9. Qc2
{[%clk 0:24:38]} d6 {[%clk 0:24:55]} 10. a3 {[%clk 0:24:33]} e5 {[%clk 0:24:11]}
11. dxe5 {[%clk 0:24:22]} dxe5 {[%clk 0:24:14]} 12. b4 {[%clk 0:22:42]} Qe7
{[%clk 0:24:17]} 13. e3 {[%clk 0:21:27]} a5 {[%clk 0:23:53]} 14. b5
{[%clk 0:21:24]} Nd8 {[%clk 0:23:56]} 15. a4 {[%clk 0:20:08]} Nc5
{[%clk 0:23:44]} 16. Nc3 {[%clk 0:19:21]} c6 {[%clk 0:23:46]} 17. bxc6
{[%clk 0:19:21]} bxc6 {[%clk 0:23:50]} 18. Ba3 {[%clk 0:18:53]} Nde6
{[%clk 0:23:32]} 19. Nd5 {[%clk 0:17:06]} Qa7 {[%clk 0:22:47]} 20. Rab1
{[%clk 0:16:41]} Ba6 {[%clk 0:22:23]} 21. Rfd1 {[%clk 0:15:45]} Rac8
{[%clk 0:20:55]} 22. Nc3 {[%clk 0:11:50]} Rcd8 {[%clk 0:19:45]} 23. Nd2
{[%clk 0:09:38]} e4 {[%clk 0:19:24]} 24. Nb3 {[%clk 0:09:21]} Rfe8
{[%clk 0:19:19]} 25. Nxa5 {[%clk 0:08:56]} Qc7 {[%clk 0:18:57]} 26. Nb3
{[%clk 0:08:39]} Nd3 {[%clk 0:18:50]} 27. Ne2 {[%clk 0:08:10]} Ne5
{[%clk 0:17:13]} 28. Nc5 {[%clk 0:07:15]} Nxc5 {[%clk 0:16:39]} 29. Bxc5
{[%clk 0:07:19]} Bxc4 {[%clk 0:16:40]} 30. Nd4 {[%clk 0:06:50]} Qf7
{[%clk 0:16:23]} 31. Bf1 {[%clk 0:04:43]} Bxf1 {[%clk 0:15:37]} 32. Kxf1
{[%clk 0:04:47]} g5 {[%clk 0:15:25]} 33. Bb6 {[%clk 0:04:07]} Ra8
{[%clk 0:14:25]} 34. Nxc6 {[%clk 0:03:34]} Nf3 {[%clk 0:13:59]} 35. Qb3
{[%clk 0:03:08]} Qxb3 {[%clk 0:14:01]} 36. Rxb3 {[%clk 0:03:12]} Rxa4
{[%clk 0:14:05]} 37. Rb5 {[%clk 0:02:45]} Re6 {[%clk 0:09:41]} 38. Nd4
{[%clk 0:02:12]} Rd6 {[%clk 0:08:49]} 39. Rc1 {[%clk 0:01:55]} f4
{[%clk 0:07:02]} 40. Nf5 {[%clk 0:01:35]} Rf6 {[%clk 0:04:41]} 41. Bd4
{[%clk 0:01:34]} Nxd4 {[%clk 0:04:38]} 42. exd4 {[%clk 0:01:38]} Bf8
{[%clk 0:04:24]} 43. gxf4 {[%clk 0:01:06]} gxf4 {[%clk 0:04:27]} 44. Kg2
{[%clk 0:01:11]} Ra3 {[%clk 0:03:49]} 45. Kh1 {[%clk 0:00:45]} Ra2
{[%clk 0:03:21]} 46. Rf1 {[%clk 0:00:49]} Kf7 {[%clk 0:03:18]} 47. h4
{[%clk 0:00:49]} Ke6 {[%clk 0:03:13]} 48. Re5+ {[%clk 0:00:53]} Kf7
{[%clk 0:03:14]} 49. h5 {[%clk 0:00:46]} Ra3 {[%clk 0:03:02]} 50. Kg1
{[%clk 0:00:49]} Raa6 {[%clk 0:01:42]} 51. Rb1 {[%clk 0:00:51]} Rae6
{[%clk 0:01:41]} 52. Rb7+ {[%clk 0:00:50]} Kg8 {[%clk 0:01:45]} 53. Ne7+
{[%clk 0:00:49]} Kh8 {[%clk 0:01:05]} 54. Nd5 {[%clk 0:00:45]} Rh6
{[%clk 0:00:20]} 55. Nxf4 {[%clk 0:00:23]} Ref6 {[%clk 0:00:08]} 56. Rxe4
{[%clk 0:00:18]} Rf5 {[%clk 0:00:09]} 57. d5 {[%clk 0:00:14]} Rhf6
{[%clk 0:00:12]} 58. Ne6 {[%clk 0:00:15]} Rxf2 {[%clk 0:00:11]} 59. Nxf8
{[%clk 0:00:19]} Rxf8 {[%clk 0:00:15]} 60. Ree7 {[%clk 0:00:22]} Rf1+
{[%clk 0:00:17]} 61. Kg2 {[%clk 0:00:26]} R1f2+ {[%clk 0:00:19]} 62. Kg3
{[%clk 0:00:31]} R2f3+ {[%clk 0:00:21]} 63. Kg4 {[%clk 0:00:27]} R3f4+
{[%clk 0:00:23]} 64. Kg3 {[%clk 0:00:17]} Rf3+ {[%clk 0:00:26]} 65. Kg2
{[%clk 0:00:22]} Rf2+ {[%clk 0:00:20]} 66. Kg3 {[%clk 0:00:26]} R8f3+
{[%clk 0:00:13]} 67. Kg4 {[%clk 0:00:30]} Rf4+ {[%clk 0:00:16]} 68. Kg3
{[%clk 0:00:35]} R2f3+ {[%clk 0:00:15]} 69. Kg2 {[%clk 0:00:39]} Rf2+
{[%clk 0:00:09]} 70. Kg3 {[%clk 0:00:44]} 1/2-1/2

[Event "Kings Place Rapidplay"]
[Site "London"]
[Date "2017.07.08"]
[Round "6.5"]
[White "Hebden, Mark L"]
[Black "Kalavannan, Koby"]
[Result "1-0"]
[BlackElo "2111"]
[WhiteElo "2494"]
[LiveChessVersion "1.4.6"]
[EventDate "2017.07.08"]
[EventType "swiss"]
[EventRounds "6"]
[EventCountry "ENG"]

1. d4 {[%clk 0:25:08]} Nf6 {[%clk 0:25:09]} 2. Bf4 {[%clk 0:25:11]} g6
{[%clk 0:25:11]} 3. Nc3 {[%clk 0:25:14]} d5 {[%clk 0:25:14]} 4. Qd2
{[%clk 0:25:17]} Bg7 {[%clk 0:25:12]} 5. Bh6 {[%clk 0:25:17]} O-O
{[%clk 0:24:46]} 6. Bxg7 {[%clk 0:25:20]} Kxg7 {[%clk 0:24:49]} 7. e3
{[%clk 0:25:18]} c5 {[%clk 0:23:09]} 8. f3 {[%clk 0:25:20]} cxd4 {[%clk 0:22:23]}
9. exd4 {[%clk 0:25:24]} Nc6 {[%clk 0:22:16]} 10. g4 {[%clk 0:25:14]} h5
{[%clk 0:22:01]} 11. h3 {[%clk 0:24:51]} e6 {[%clk 0:18:26]} 12. Nge2
{[%clk 0:24:34]} Rh8 {[%clk 0:17:35]} 13. Rg1 {[%clk 0:24:20]} b5
{[%clk 0:15:03]} 14. Nf4 {[%clk 0:22:38]} b4 {[%clk 0:14:20]} 15. Na4
{[%clk 0:21:56]} Qd6 {[%clk 0:13:04]} 16. O-O-O {[%clk 0:20:47]} Bd7
{[%clk 0:09:16]} 17. Nc5 {[%clk 0:18:41]} Rac8 {[%clk 0:09:02]} 18. g5
{[%clk 0:17:59]} Ng8 {[%clk 0:07:16]} 19. Bb5 {[%clk 0:17:13]} Nge7
{[%clk 0:06:48]} 20. Rge1 {[%clk 0:16:57]} Nf5 {[%clk 0:06:29]} 21. Bxc6
{[%clk 0:16:53]} Bxc6 {[%clk 0:06:25]} 22. Ncxe6+ {[%clk 0:15:49]} Kh7
{[%clk 0:05:43]} 23. Nc5 {[%clk 0:15:35]} Bb5 {[%clk 0:05:43]} 24. Qxb4
{[%clk 0:15:06]} Qxf4+ {[%clk 0:05:44]} 25. Kb1 {[%clk 0:15:08]} Bc6
{[%clk 0:05:25]} 26. Qa5 {[%clk 0:13:28]} Qc7 {[%clk 0:04:29]} 27. Qxc7
{[%clk 0:13:08]} Rxc7 {[%clk 0:04:33]} 28. f4 {[%clk 0:13:12]} Rcc8
{[%clk 0:04:11]} 29. c3 {[%clk 0:13:08]} Rhe8 {[%clk 0:04:14]} 30. Re5
{[%clk 0:13:08]} Rxe5 {[%clk 0:04:03]} 31. fxe5 {[%clk 0:12:53]} Kg8
{[%clk 0:03:15]} 32. b3 {[%clk 0:12:43]} Rd8 {[%clk 0:03:14]} 33. Kb2
{[%clk 0:12:35]} Kf8 {[%clk 0:03:08]} 34. Re1 {[%clk 0:12:15]} Ng7
{[%clk 0:02:49]} 35. Rf1 {[%clk 0:12:11]} Nf5 {[%clk 0:02:15]} 36. a4
{[%clk 0:12:01]} Ke7 {[%clk 0:02:10]} 37. b4 {[%clk 0:11:54]} h4 {[%clk 0:01:41]}
38. Ka3 {[%clk 0:11:24]} Bd7 {[%clk 0:01:03]} 39. b5 Rb8 40. Kb4 {[%clk 0:11:09]}
Ne3 {[%clk 0:01:04]} 41. Nxd7 {[%clk 0:10:45]} Kxd7 {[%clk 0:00:38]} 42. Rxf7+
{[%clk 0:10:48]} Ke6 {[%clk 0:00:42]} 43. Rf6+ {[%clk 0:10:37]} Ke7
{[%clk 0:00:46]} 44. Rxg6 {[%clk 0:10:33]} Rc8 {[%clk 0:00:40]} 45. Rc6
{[%clk 0:10:01]} Rg8 {[%clk 0:00:32]} 46. g6 {[%clk 0:10:03]} Ng2
{[%clk 0:00:28]} 47. Ra6 {[%clk 0:09:49]} Nf4 {[%clk 0:00:32]} 48. Rxa7+
{[%clk 0:09:48]} Ke6 {[%clk 0:00:36]} 49. Rh7 {[%clk 0:09:43]} Nxg6
{[%clk 0:00:39]} 50. a5 {[%clk 0:09:44]} Kf5 {[%clk 0:00:35]} 51. a6
{[%clk 0:09:33]} Kf4 {[%clk 0:00:36]} 52. b6 {[%clk 0:09:27]} Kg3
{[%clk 0:00:40]} 53. b7 {[%clk 0:09:24]} Kxh3 {[%clk 0:00:42]} 54. a7 1-0